Sustainability of Higher Education: Study of Student Opinions about the Possibility of Replacing Teachers with AI Technologies
Preskúmanie vnímania východoeurópskych študentov o možnosti nahradiť vysokoškolských učiteľov prostredníctvom AI technológií.
Salvato in:
| Autore principale: | |
|---|---|
| Altri autori: | , , , , |
| Natura: | Capitolo di libro |
| Lingua: | inglese |
| Soggetti: | |
| Tags: |
Nessun Tag, puoi essere il primo ad aggiungerne!!
|
MARC
| LEADER | 00000naa a2200000 4500 | ||
|---|---|---|---|
| 001 | 0305333 | ||
| 005 | 20241128101133.7 | ||
| 041 | 0 | |a eng | |
| 044 | |a CH | ||
| 245 | 1 | 0 | |a Sustainability of Higher Education: Study of Student Opinions about the Possibility of Replacing Teachers with AI Technologies |c Valery Okulich-Kazarin, Artem Artiukhov, Łukasz Skowron, Nadiia Artyukhova, Oleksandr Dluhopolskyi, Wiktor Cwynar |
| 520 | |a Preskúmanie vnímania východoeurópskych študentov o možnosti nahradiť vysokoškolských učiteľov prostredníctvom AI technológií. | ||
| 610 | 2 | 0 | |a udržateľnosť |
| 610 | 2 | 0 | |a ciele riadenia |
| 610 | 2 | 0 | |a rozvoj vedeckotechnický |
| 610 | 2 | 0 | |a rozvoj vedecký |
| 610 | 2 | 0 | |a inteligencia |
| 610 | 2 | 0 | |a inteligencia umelá |
| 610 | 2 | 0 | |a vzdelanie vysokoškolské |
| 610 | 2 | 0 | |a študenti |
| 610 | 2 | 0 | |a pedagógovia |
| 100 | 1 | |a Okulich-Kazarin, Valery | |
| 700 | 1 | |a Artiukhov, Artem, 1983- | |
| 700 | 1 | |a Skowron, Łukasz | |
| 700 | 1 | |a Artyukhova, Nadiia | |
| 700 | 1 | |a Dluhopolskyi, Oleksandr | |
| 700 | 1 | |a Cwynar, Wiktor | |